Model zvyšovania produktivity na úrovni organizácie
Rozpracovanie koncepcie rozvoja produktivity na úrovni podniku. Sumarizovanie činiteľov zmien a podpory faktorov pre zvyšovanie produktivity obsahuje memorandum, ktoré vydalo EANPC vo februári 1999. Model rozvoja produktivity pre organizácie. Zameranie jednotlivých systémov na dosahovanie reálnych a...
Salvato in:
| Autore principale: | |
|---|---|
| Natura: | Capitolo di libro |
| Lingua: | slovacco |
| Soggetti: | |
| Tags: |
Nessun Tag, puoi essere il primo ad aggiungerne!!
|
MARC
| LEADER | 00000naa a2200000 4500 | ||
|---|---|---|---|
| 001 | r039971 | ||
| 005 | 20231002120915.6 | ||
| 041 | 0 | |a slo | |
| 044 | |a SK | ||
| 245 | 1 | 0 | |a Model zvyšovania produktivity na úrovni organizácie |c Milan Hulín |
| 520 | |a Rozpracovanie koncepcie rozvoja produktivity na úrovni podniku. Sumarizovanie činiteľov zmien a podpory faktorov pre zvyšovanie produktivity obsahuje memorandum, ktoré vydalo EANPC vo februári 1999. Model rozvoja produktivity pre organizácie. Zameranie jednotlivých systémov na dosahovanie reálnych a udržateľných prínosov produktivity. Strategická previerka. Diagnostická fáza. Fáza plánovania. Fáza nastavenia. Fáza implementácie. Previerka. | ||
| 610 | 2 | 0 | |a produktivita |
| 610 | 2 | 0 | |a organizácie |
| 610 | 2 | 0 | |a modely |
| 610 | 2 | 0 | |a rozvoj podniku |
| 610 | 2 | 0 | |a výkonnosť |
| 100 | 1 | |a Hulín, Milan | |